Leader xxxxxxxxxx
001 __ PCLIS00021292
005 __ 20230317134539.0
010 0_ |a957-9175-46-2|b上卷 : 平裝|dNT$250
010 0_ |a957-9175-47-0|b中卷 : 平裝|dNT$250
010 0_ |a957-9175-48-9|b下卷 : 平裝|dNT$250
100 __ |a19990920d1996 m y0chiy09 e
101 1_ |achi|cjpn
102 __ |atw
105 __ |ab z 000ay
200 1_ |a晏子|f宮城谷昌光著|g黃玉燕譯
205 __ |a初版
210 __ |a臺北市|c實學社|d1996(民85)
215 0_ |a3冊|c地圖|d21公分
225 1_ |a小說人物|v19-21
300 __ |a作者號由adm取自譯者黃玉燕,由t561改回
681 __ |a861.57|b8336
681 __ |a861.57|b8333 88 v20
681 __ |a861.57|b8333 88 v.19
681 __ |a861.57|b8333 88 v21
700 _1 |a宮城谷|b昌光|f1945- |4著
702 _1 |a黃|b玉燕|4譯
801 _0 |atw|b內湖高中|c20010622|gCCR
801 _2 |atw|b內湖高中|c20230317|gCCR
|